1164 1937 1699 1156 1199 1136 1387 1306 1068 1911 1151 1646 1605 1539 1958 1448 1889 1178 1453 1869 1844 1123 1290 1038 1584 1099 1871 1800 1251 1056 1469 1331 1889 1945 1843 1994 1819 1917 1547 1467 1905 1866 1313 1250 1003 1773 1812 1831 1613 1042 1589 1141 1153 1515 1013 1832 1549 1694 1363 1426 1251 1839 1303 1764 1444 1372 1842 1439 1572 1695 1938 1504 1224 1349 1141 1953 1975 1456 1460 1194 1025 1937 1080 1862 1330 1237 1082 1754 1939 1894 1879 1472 1637 1131 1147 1000 1893 1039 1312 BCNSPRNW ULIB Ver.6.0+V

เปลี่ยนเป็นภาษาไทย

Change to English
 แสดงรายละเอียดบรรณานุกรม
  กลับหน้าหลัก

Brief Record : Get Marc (ISO 2709) : E-mail record : QR code < ปิดหน้าต่าง
LEADER : 00000nam 2200000uu 4500
001    13399128249
003     ULIB
008    220822s2557||||th 000 0 tha d
020    ^a9786162997037 (ล.5)
050  0 ^aนว^bก947ล^cล.5
100 0  ^aโก้วเล้ง
245 10 ^aลูกปลาน้อยเซียวฮื้อยี้ เล่ม 5. /^cโก้วเล้ง, เขียน ; น.นพรัตน์, แปล
246 30 ^aเซียวฮื้อยี้
250    ^aพิมพ์ครั้งที่ 1
260    ^aกรุงเทพฯ :^bสยามอินเตอร์บุ๊ค,^c2557
300    ^a6 เล่ม ;^c21 ซม.
650  4 ^aนวนิยายจีนกำลังภายใน
650  4 ^aนวนิยายจีน^xการแปลเป็นภาษาไทย
653    ^aOpen Your Eyes Project
700 0  ^aน.นพรัตน์,^eผู้แปล
945    ^p260^l0^i009354
999    ^aประนอม เกษจรัล
รายการนี้ยังไม่มีแท็ก
คุณยังไม่ได้ล็อกอิน คุณสามารถมีกิจกรรมร่วมกับเว็บไซต์ได้ แต่ต้องล็อกอินก่อน ::
  ล็อกอิน

รายการสื่อสารสนเทศ

ลำดับที่ ประเภท เลขเรียก/บาร์โค้ด สถานที่ สถานะ
1. นวนิยาย
นวนิยาย
นว ก947ล ล.5 ฉ.1 
  Barcode: 009354
ห้องสมุดวิทยาเขตสวรรค์ประชารักษ์
►หนังสือทั่วไป
บนชั้น

รายการใกล้เคียง
    ผู้แต่ง [โก้วเล้ง]

    หัวเรื่อง [นวนิยายจีนกำลังภายใน]

BibComment


ยังไม่เคยถูกคอมเมนท์

คอมเมนท์ทรัพยากรรายการนี้
  คอมเมนท์: ลูกปลาน้อยเซียวฮ..


 Copyright 2026. Bcnsprnw @Library